| 000 | 00494nam a22001937a 4500 | ||
|---|---|---|---|
| 003 | OSt | ||
| 005 | 20140310182006.0 | ||
| 008 | 130729t xxu||||| |||| 00| 0 eng d | ||
| 020 | _a0440413281 | ||
| 050 |
_aPZ 7 _b.C978 1999 |
||
| 082 |
_aKF _bC94b 1999 |
||
| 100 |
_aCurtis, Christopher Paul _95556 |
||
| 245 |
_aBud, not buddy / _cChristopher Paul Curtis. |
||
| 300 |
_a245 p. _bill. ; _c19 cm. |
||
| 541 | _j1 | ||
| 562 | _e1 | ||
| 650 |
_aFiction _9746 |
||
| 942 |
_2lcc _cBK-KF _kKF |
||
| 999 |
_c8067 _d8067 |
||